| 000 | 00478nam a2200169Ia 4500 | ||
|---|---|---|---|
| 008 | 230917s9999||||xx |||||||||||||| ||und|| | ||
| 020 | _cRS1250 | ||
| 040 |
_e243093 _aMAIN |
||
| 041 | _aEnglish | ||
| 082 | _a658 R18M | ||
| 100 | _aRao, P Subba | ||
| 245 | 0 | _aManagement: Theory and practice; Text and cases | |
| 260 |
_aMumbai _bHimalaya Publishing House _c2017 |
||
| 300 | _a564 p. | ||
| 500 | _a2912 03/11/2017 HBD17/7087 07/11/2017 IMSAR (Dev. & Research) | ||
| 942 | _cBK | ||
| 999 |
_c24455 _d24455 |
||